| 000 | 00506nam a22001817a 4500 | ||
|---|---|---|---|
| 003 | CEME | ||
| 005 | 20210628203049.0 | ||
| 008 | 210218b xxu||||| |||| 00| 0 eng d | ||
| 020 | _a81-7808-165-2 | ||
| 040 | _c. | ||
| 082 | _a004.62 WRI | ||
| 100 |
_aWright, Gary R,Stevens, W.Richard _963110 |
||
| 245 | _aTcp/ip illustrated, vol-2, the implementation | ||
| 260 |
_aINDIA _bPEARSON EDUCATION ASIA _c2001 |
||
| 300 | _aXXII,1173P | ||
| 650 |
_aTCP/IP ILLUSTRATED,NETWORKING _963111 |
||
| 942 |
_cBK _2ddc |
||
| 999 |
_c572039 _d572039 |
||